| 000 | 00662nam a2200121Ia 4500 | ||
|---|---|---|---|
| 008 | 220620s9999||||xx |||||||||||||| ||und|| | ||
| 100 | _aHeier, Tormod | ||
| 245 | 0 |
_aChapter 16 Military Samhandling _bFormal and Informal Behaviour in Norway’s Armed Forces |
|
| 546 | _aEnglish[eng] | ||
| 650 | _aSamhandling||interaction||subcultures||military||organisational learning||leadership||unforeseen | ||
| 856 | _uhttps://library.oapen.org/bitstream/20.500.12657/28305/1/Interaction_ch16.pdf||https://library.oapen.org/bitstream/20.500.12657/28305/1/Interaction_ch16.pdf||https://library.oapen.org/bitstream/20.500.12657/28305/1/Interaction_ch16.pdf | ||
| 942 | _cEB | ||
| 999 |
_c33692 _d33692 |
||